000 01161nam a2200241Ia 4500
999 _c38085
_d38085
001 4072
003 GE_BSU
005 20191002122345.0
008 181216s||||||||xx |||||||||||||| ||und||
040 _cGE_BSU
041 _ageo
080 _a316.653+342.5+352/354 ს–31
100 _aსაფაროვი, რ. ა.
_94440
245 _aსაზოგადოებრივი აზრი და სახელმწიფოს მართვა /
_cთარგმნა გ. მაჭავარიანმა და ო. კაპანაძემ; რედ. ლ. მოსეშვილი.
264 _aთბ. :
_bსაბჭ. საქართველო,
_c1981.
300 _a462 გვ. ;
_b21 სმ.
653 _aსაზოგადოებრივი აზრი
653 _aსახელმწიფოს მართვა
700 _aმაჭავარიანი, გ.
_eმთარგმნელი
_94441
700 _a კაპანაძე, ო.
_eმთარგმნელი
_94442
700 _aმოსეშვილი, ლ.
_eრედაქტორი
_94443
942 _cBK
_2udc